La profundidad del cambio: (Registro nro. 504)

Detalles MARC
000 -LEADER
campo de control de longitud fija 01014nam a22002417a 4500
001 - NÚMERO DE CONTROL
campo de control EIF-VIII-2013-M14-003
003 - IDENTIFICADOR DE NÚMERO DE CONTROL
campo de control OSt
005 - FECHA Y HORA DE LA ÚLTIMA TRANSACCIÓN
campo de control 20221223132018.0
008 - DATOS DE LONGITUD FIJA--INFORMACIÓN GENERAL
campo de control de longitud fija 221223b |||||||| |||| 00| 0 eng d
040 ## - FUENTE DE CATALOGACIÓN
Centro catalogador/agencia de origen Fundación Jesús Pereda
Centro/agencia transcriptor Fundación Jesús Pereda
041 ## - CÓDIGO DE IDIOMA
Código de lengua del texto/banda sonora o título independiente Castellano
100 ## - ENTRADA PRINCIPAL--NOMBRE DE PERSONA
Filiación Universidad de Valladolid
Nombre de persona González Martín, Rodrigo
9 (RLIN) 840
111 ## - ENTRADA PRINCIPAL--NOMBRE DE CONGRESO/REUNIÓN
Nombre de congreso/reunión o jurisdicción como elemento de entrada Encuentro de Investigadores del Franquismo
Sede del congreso/Lugar de la reunión (Barcelona.
Fecha del congreso o de la firma del tratado 2013.
Número del congreso/reunión o número de parte o sección 8º)
9 (RLIN) 100
245 ## - MENCIÓN DEL TÍTULO
Título La profundidad del cambio:
Resto del título el trasvase de cuadros políticos locales del franquismo a la democracia en la provincia de Valladolid
Mención de responsabilidad, etc. /Rodrigo González Martín
650 #0 - PUNTO DE ACCESO ADICIONAL DE MATERIA--TÉRMINO DE MATERIA
9 (RLIN) 312
Término de materia o nombre geográfico como elemento de entrada Ayuntamientos
650 #0 - PUNTO DE ACCESO ADICIONAL DE MATERIA--TÉRMINO DE MATERIA
9 (RLIN) 534
Término de materia o nombre geográfico como elemento de entrada Transición española
650 #0 - PUNTO DE ACCESO ADICIONAL DE MATERIA--TÉRMINO DE MATERIA
9 (RLIN) 313
Término de materia o nombre geográfico como elemento de entrada Personal político
650 #0 - PUNTO DE ACCESO ADICIONAL DE MATERIA--TÉRMINO DE MATERIA
9 (RLIN) 176
Término de materia o nombre geográfico como elemento de entrada Elecciones
651 #0 - PUNTO DE ACCESO ADICIONAL DE MATERIA--NOMBRE GEOGRÁFICO
9 (RLIN) 542
Nombre geográfico Valladolid
773 ## - ASIENTO DE ITEM FUENTE
Título <a href="Actas del VIII Encuentro de Investigadores del Franquismo">Actas del VIII Encuentro de Investigadores del Franquismo</a>
856 ## - LOCALIZACIÓN Y ACCESO ELECTRÓNICOS
Identificador Uniforme de Recursos <a href="https://bibliotecaccoocyl.fundacionjesuspereda.es/cgi-bin/koha/opac-retrieve-file.pl?id=09b2317d65efdd39d75e392aa862c6ce">https://bibliotecaccoocyl.fundacionjesuspereda.es/cgi-bin/koha/opac-retrieve-file.pl?id=09b2317d65efdd39d75e392aa862c6ce</a>
942 ## - ELEMENTOS DE ENTRADA SECUNDARIOS (KOHA)
Fuente del sistema de clasificación o colocación Clasificación Decimal Dewey
Tipo de ítem Koha Archivo de computadora
Suprimir en OPAC No

No hay ítems disponibles.

Página web subvencionada totalmente por la Consejería de Cultura y Turismo de la Junta de Castilla y León

Con tecnología Koha